| 000 | 00565nam a22001937a 4500 | ||
|---|---|---|---|
| 003 | OSt | ||
| 005 | 20190620140431.0 | ||
| 008 | 130909t xxu||||| |||| 00| 0 eng d | ||
| 020 | _a9780590446839 | ||
| 050 |
_aTK 148 _b.C689 1997 |
||
| 082 |
_aHS 621.3 _bC57 1997 |
||
| 100 |
_aCole, Joanna _94006 |
||
| 245 |
_aMagic school bus and the electric filed trip/ _cJoanna Cole. |
||
| 260 |
_aNew York : _bScholastic, _c1997. |
||
| 300 |
_a48 p. ; _bill. col. ; _c21 cm. |
||
| 650 |
_aElectricity power _xJuvenile literature _917170 |
||
| 942 |
_2lcc _cBK |
||
| 999 |
_c10652 _d10652 |
||